000 00419nam a2200133Ia 4500
008 211109s9999||||xx |||||||||||||| ||und||
082 _a894.8121
_bSUG-K
100 _aSugatha Kumari,
245 0 _aKavu Theendalle
260 _bFrom Fr Gregory Karikamparampil No 1006
_aEndowment, Current B
_c1900
630 _xGENERAL STACK
650 _aMalayalam Literature
_vMalayalam Poetry
_xLiterature & rhetoric
942 _cBOOK
999 _c47755
_d47755